Diarios completos : (Record n. 3343)

Dettagli MARC
000 -LEADER
fixed length control field 00810nam a2200241 i 4500
003 - CONTROL NUMBER IDENTIFIER
control field IT-RoINE
005 - DATE AND TIME OF LATEST TRANSACTION
control field 20230417100637.0
008 - FIXED-LENGTH DATA ELEMENTS--GENERAL INFORMATION
fixed length control field 011010s2000 sp |r 001 0 spa d
020 ## - INTERNATIONAL STANDARD BOOK NUMBER
International Standard Book Number 8484321428
040 ## - CATALOGING SOURCE
Original cataloging agency USA.SABUS
Modifying agency UPSA
-- IT-RoINE
Transcribing agency esslup IT-RoINE
100 1# - MAIN ENTRY--PERSONAL NAME
Personal name Azaña, Manuel,
Dates associated with a name 1880-1940
9 (RLIN) 3174
245 10 - TITLE STATEMENT
Title Diarios completos :
Remainder of title Monarquía, República, Guerra Civil /
Statement of responsibility, etc Manuel Azaña ; introducción de Santos Juliá.
260 ## - PUBLICATION, DISTRIBUTION, ETC. (IMPRINT)
Place of publication, distribution, etc Barcelona :
Name of publisher, distributor, etc Crítica,
Date of publication, distribution, etc 2000.
300 ## - PHYSICAL DESCRIPTION
Extent LXIII, 1296 p. ;
Dimensions 24 cm.
336 ## - CONTENT TYPE
Source rdacontent
Content type term text
337 ## - MEDIA TYPE
Source rdamedia
Media type term unmediated
338 ## - CARRIER TYPE
Source rdacarrier
Carrier type term volume
490 10 - SERIES STATEMENT
Series statement Serie mayor
500 ## - GENERAL NOTE
General note Incluye índice.
651 #4 - SUBJECT ADDED ENTRY--GEOGRAPHIC NAME
9 (RLIN) 6715
Geographic name España
General subdivision Historia
Chronological subdivision 1931-1939 (II República)
General subdivision Fuentes
830 #0 - SERIES ADDED ENTRY--UNIFORM TITLE
Uniform title Serie mayor (Crítica)
9 (RLIN) 6716
942 ## - ADDED ENTRY ELEMENTS (KOHA)
Item type Monografías
Dati di copia
Withdrawn status Lost status Damaged status Not for loan Home library Current library Date acquired Total Checkouts Full call number Barcode Date last seen Price effective from Koha item type
        Iglesia Nacional Española en Roma Iglesia Nacional Española en Roma 24/04/2014   BIO 1363 3801 24/04/2014 24/04/2014 Monografías